| 000 | 00390nam a2200133 a 4500 | ||
|---|---|---|---|
| 005 | 20141022142001.0 | ||
| 008 | 100924s19uu xx 00 eng d | ||
| 050 |
_aDVD _bT64 2008 |
||
| 245 |
_aTourism Planning and Development: _ba case study in sustainability. |
||
| 260 |
_aAustralia : _bVideo Education Australia, _cc2008. |
||
| 650 | _aTourism. | ||
| 650 | _aHospitality. | ||
| 942 | _cAVM | ||
| 999 |
_c276284 _d276284 |
||